Responses for show #5393 - Wednesday, February 6, 2008

Contestants

Joanne Aswell, an educational consultant from Lebanon Township, New Jersey

Srinivas Ayyagari, a law student originally from Memphis, Tennessee

Babatope Ogunmola, a sample specialist originally from Buffalo, New York (whose 1-day cash winnings total $8,400)

Jeopardy! Round responses

HEALTH & MEDICINE
CLASSIC ROCK OPENING LINES
(Alex: You have to give us the song's title.)
GOVERNORS
HAM LIT
PRINCE
OF "DEN"MARK
    $200 4
(Babatope: What is the American Red Cross?)

the American Heart Association

BabatopeSrinivas
    $200 2
"Proud Mary"

Babatope
    $200 9
Ronald Reagan

Joanne
    $200 22
(Srinivas: Who is Roo?)
(Babatope: Who is Winnie the Pooh?)

Piglet

BabatopeSrinivasJoanne
    $200 1
(Babatope: What is a swan?)
...
(Babatope: Not the prince I was hoping for.)
(Alex: Aha.)

the Firebird

Babatope
Triple Stumper
    $200 17
den mother

Babatope
    $400 5
a chimp

Babatope
    $400 3
"Another Brick In The Wall"

Srinivas
    $400 10
Jesse "The Body" Ventura

Babatope
    $400 23
Beatrix Potter

Joanne
    $1,000 27
(Alex: Yes, indeed--Queen Victoria's dad.)

Prince Edward Island

Joanne
    $400 18
the Denver Broncos

Babatope
    $600 6
sleeping sickness

Babatope
    $600 14
"These Boots Are Made For Walkin'"

Babatope
    $600 11
Howard Dean

Srinivas
    $600 24
(Alex: Yeah, tou know your pigs.)
(Joanne: Thank you.)

Babe

Joanne
    $600 28
(Babatope: Who is Jean Valjean?)
...
(Alex: The Hunchback of Notre Dame, yes.)

Quasimodo

BabatopeSrinivas
    $600 19
dentures

Joanne
    $800 7
nerves

Babatope
    $800 15
(Babatope: What is "Ob-La-Di, Ob-La-Da"?)

"Get Back"

BabatopeSrinivas
    $800 12
Strom Thurmond

Babatope
    $800 25
Wilbur

Joanne
    $800 29
(Alex: The prince was Edward VI--future Edward VI. Hence, he was a [*].)

Tudor

Triple Stumper
    $800 20
density

Babatope
    $1000 8
the jugular

Srinivas
    $1000 16
"Suspicious Minds"

Babatope
    $1000 13
Delaware

Triple Stumper
    $1000 26
(Alex: I was right. You do know your pigs!)
[Applause for Joanne's run of the category]

Shel Silverstein

Joanne
    $1000 30
Cesare Borgia

Triple Stumper
    $1000 21
Denali

Joanne

Scores at the first commercial break (after clue 15):

Babatope Srinivas Joanne
$2,600 $3,000 $200

Scores at the end of the Jeopardy! Round:

Babatope Srinivas Joanne
$4,200 $3,400 $5,800

Double Jeopardy! Round responses

WORLD WAR II IN EUROPE
THE SILENT SCREEN
LET'S SEE WHAT'S OVER THERE
FAMOUS FATHERS
MISSING
FROM THE FRENCH
    $400 26
Cologne

Babatope
    $400 16
Rudolph Valentino

Joanne
    $400 1
Alaska

Joanne
    $400 10
Thomas Jefferson

Babatope
    $400 21
a puzzle

Babatope
    $400 2
boutonniere

Babatope
    $800 27
Poland

Srinivas
    $800 17
Mary Pickford

Joanne
    $800 6
the Cape of Good Hope

Babatope
    $800 11
Homer

Babatope
    $800 22
absenteeism

Joanne
    $800 3
soie

Joanne
    $1200 28
Gold

Triple Stumper
    $1200 18
Wings

Triple Stumper
    $1200 7
Peary

Srinivas
    $1200 12
(Alex: Yes, and you've just broken a three-way tie to take the lead all by yourself.)

Guy Fawkes

Srinivas
    $1200 23
a no-show

Babatope
    $1200 4
en croute

Joanne
    $1,500 29
Stalingrad

Srinivas
    $1,000 19
(Alex: And she was known as the "It" girl!)

Clara Bow

Joanne
    $1600 8
Marquette

Babatope
    $1600 13
(Joanne: Who is John Calvin?)

John Wesley

Joanne
Triple Stumper
    $1600 24
(Alex: The First and the Second, correct.)

Charles

Joanne
    $1600 5
(Alex: L-O-U-P-E. [*]. Oh, sorry. I'm going back to the spelling bee.)
(Srinivas: Had a flashback.)
(Alex: Yes.)

a loupe

Srinivas
    $2000 30
the Rhine

Srinivas
    $2000 20
(Joanne: What is Nosferantu?)

Nosferatu

SrinivasJoanne
    $2000 9
Brazil

Srinivas
    $2000 14
(Srinivas: Who is Pasteur?)

(Gail) Borden

SrinivasJoanne
    $2000 25
the gap

Joanne
    $2000 15
cabriole

Joanne

Scores at the end of the Double Jeopardy! Round:

Babatope Srinivas Joanne
$10,200 $13,700 $15,200

[wagering suggestions for these scores]

Final Jeopardy! Round responses

WORLD AUTHORS
(Alex: There's one very important word in that clue; in fact, it was the title of the letter he wrote.)
...
(Alex: [To Babatope] Sorry, you're in the right country, but you picked the wrong man.)
...
(Alex: [To Srivinas] His letter was called "J'Accuse!" It had to do with the Dreyfus Affair.)
...
(Alex: [After revealing Joanne's wager] Ohhh! Not enough!)
[ZergCam]
BabatopeWho is Voltaire?
$0
SrinivasWho is Emile Zola?
$13,700
JoanneWho is Emile Zola?
$5,000
Émile Zola

Final scores:

Babatope Srinivas Joanne
$10,200 $27,400 $20,200
3rd place: $1,000 New champion: $27,400 2nd place: $2,000

Game dynamics:

Coryat scores:

Babatope Srinivas Joanne
$10,200 $13,800 $15,200
19 R,
5 W
14 R
(including 1 DD),
2 W
20 R
(including 2 DDs),
2 W

Combined Coryat: $39,200

The J! Archive is created by fans, for fans. The Jeopardy! game show and all elements thereof, including but not limited to copyright and trademark thereto, are the property of Jeopardy Productions, Inc. and are protected under law. This website is not affiliated with, sponsored by, or operated by Jeopardy Productions, Inc. Join the discussion at JBoard.tv.